|
|
|
|
| LEADER |
01022nam a2200253 a 4500 |
| 001 |
26921 |
| 008 |
130424s1972 enk 001 0 eng |
| 020 |
|
|
|a 9780671314002
|
| 020 |
|
|
|a 0671314009
|
| 020 |
|
|
|a 9780671201586 (Pbk)
|
| 020 |
|
|
|a 0671201581 (Pbk)
|
| 040 |
|
|
|a BD-DhAAL
|c BD-DhAAL
|
| 082 |
0 |
0 |
|a 190
|2 22
|
| 100 |
1 |
|
|a Russell, Bertrand,
|d 1872-1970.
|
| 245 |
1 |
2 |
|a A History of Western philosophy /
|c Bertrand Russell.
|
| 260 |
|
|
|a New York :
|b Somon & Schuster ;
|b A Touchstone Book,
|c c1972.
|
| 300 |
|
|
|a xxiii, 895 p. ;
|c 23 cm.
|
| 500 |
|
|
|a Includes index.
|
| 541 |
|
|
|a 26921
|
| 650 |
|
0 |
|a Philosophy
|x History.
|
| 852 |
1 |
|
|a Ayesha Abed Library
|j General Shelf.
|
| 999 |
|
|
|c 13407
|d 13407
|
| 952 |
|
|
|0 0
|1 0
|2 ddc
|4 0
|6 190_000000000000000_RUS
|7 0
|9 22344
|a IGS
|b IGS
|c GEN
|d 2012-04-22
|e Prothoma
|g 1760.00
|l 0
|o 190 RUS
|p 3010026921
|r 2013-05-12
|t 1
|w 2012-04-22
|y BK
|
| 952 |
|
|
|0 0
|1 0
|2 ddc
|4 0
|6 190_000000000000000_RUS
|7 0
|9 55371
|a SCL
|b SCL
|c GEN
|d 2015-08-18
|g 1435.00
|l 11
|m 23
|o 190 RUS
|p 3020008139
|r 2024-11-18
|s 2024-11-17
|t 2
|w 2015-08-18
|y BK
|